[Event "Superettan(Manhem II-Passanten)"]
[Site "?"]
[Date "2008.03.08"]
[Round "8"]
[White "Loven, Anders"]
[Black "Andersson, Goran"]
[Result "1-0"]
[WhiteElo "2117"]
[BlackElo "2190"]
[PlyCount "69"]

1. Nf3 Nf6 2. c4 g6 3. Nc3 Bg7 4. e4 d6 5. d4 O-O 6. h3 e5 7. d5 Na6 8. Bg5 h6
9. Be3 Nc5 10. Nd2 a5 11. a3 Nfd7 12. b4 axb4 13. axb4 Rxa1 14. Qxa1 Na6 15.
Qa3 f5 16. Nb3 Nf6 17. c5 Nxe4 18. Nxe4 fxe4 19. c6 bxc6 20. Bxa6 Bxa6 21. Qxa6
cxd5 22. O-O d4 23. Bd2 Qh4 24. Qc6 Rf7 25. b5 Bf8 26. Na5 g5 27. Qd5 Kg7 28.
Nc6 Be7 29. b6 cxb6 30. Nxe7 Rxe7 31. Qxd6 g4 32. Bxh6+ Kh7 33. g3 Qxh3 34.
Qxe7+ Kxh6 35. Rc1 1-0

[Event "Superettan(Manhem II-Passanten)"]
[Site "?"]
[Date "2008.03.08"]
[Round "8"]
[White "Bergre, Joachim"]
[Black "Danielsson, Robert"]
[Result "0-1"]
[WhiteElo "2128"]
[BlackElo "2003"]
[PlyCount "66"]

1. e4 c5 2. Nc3 Nc6 3. g3 g6 4. Bg2 Bg7 5. d3 d6 6. Be3 Nf6 7. h3 O-O 8. Nge2
e5 9. O-O b5 10. Qd2 Nd4 11. f4 b4 12. Nd1 Rb8 13. Nc1 Nh5 14. c3 Nxg3 15. Re1
Nc6 16. Qf2 exf4 17. Bxf4 Nh5 18. Bd2 bxc3 19. bxc3 Be6 20. Qe3 Nd4 21. cxd4
Bxd4 22. Ne2 Bxe3+ 23. Bxe3 Qd7 24. Nf2 f5 25. exf5 Bxf5 26. d4 Rfe8 27. Bg5
Rb2 28. Nc3 cxd4 29. Nd5 Be6 30. Nd3 Rxg2+ 31. Kxg2 Bxd5+ 32. Kh2 Be4 33. Nf2
d5 0-1

[Event "Superettan(Manhem II-Passanten)"]
[Site "?"]
[Date "2008.03.08"]
[Round "8"]
[White "Jordas, Ingvar"]
[Black "Andersson, Kaj"]
[Result "0-1"]
[WhiteElo "1887"]
[BlackElo "2095"]
[PlyCount "106"]

1. e4 c5 2. b3 e6 3. f4 Nf6 4. e5 Nd5 5. Qg4 Nc6 6. Na3 a6 7. c3 b5 8. Nc2 Bb7
9. Nf3 Qc7 10. Ne3 Nce7 11. c4 Nxe3 12. dxe3 Nf5 13. Bd3 g6 14. O-O b4 15. Re1
Bg7 16. Bb2 h5 17. Qh3 Nh6 18. Qg3 O-O-O 19. Bc2 Rhg8 20. Rad1 Bf8 21. Rd2 Be7
22. Red1 Ng4 23. Qe1 g5 24. Qe2 Nh6 25. fxg5 Bxg5 26. Nxg5 Rxg5 27. e4 Bc6 28.
Qe3 Rdg8 29. h3 f6 30. Rf1 f5 31. Rf4 Rg3 32. Rf3 R3g5 33. Kf1 Bb7 34. Rff2 Qc6
35. Rd6 Qc7 36. Rdd2 Kb8 37. Qf4 fxe4 38. Bxe4 Bxe4 39. Qxe4 Nf5 40. Ke1 Ng3
41. Qe3 Qc6 42. Rf7 Nf5 43. Qe2 Rxg2 44. Rf8+ Kc7 45. Rxg8 Rxg8 46. Kd1 Qh1+
47. Kc2 Qxh3 48. Qf2 Qe3 49. Qh2 Qe4+ 50. Kc1 h4 51. Re2 Qf3 52. Re1 Rg2 53.
Qh1 Qf2 0-1

[Event "Superettan(Manhem II-Passanten)"]
[Site "?"]
[Date "2008.03.08"]
[Round "8"]
[White "Lundstrom, Mattias"]
[Black "Vidimlic, Mirsad"]
[Result "1-0"]
[WhiteElo "2042"]
[BlackElo "1739"]
[PlyCount "115"]

1. e4 d5 2. exd5 Qxd5 3. Nc3 Qa5 4. d4 Bf5 5. Nf3 e6 6. Bd3 Bg6 7. Ne5 c6 8.
O-O Nf6 9. a3 Nbd7 10. Re1 Qc7 11. Nxd7 Nxd7 12. d5 e5 13. dxc6 bxc6 14. Bg5
Bc5 15. Bxg6 hxg6 16. Ne4 f6 17. Nxc5 Nxc5 18. Be3 Nd7 19. Qg4 Kf7 20. Rad1 f5
21. Qc4+ Kf6 22. h4 Ke7 23. Bg5+ Nf6 24. Rd5 e4 25. Red1 Rad8 26. Bxf6+ gxf6
27. Qc5+ Kf7 28. Rd6 Rxd6 29. Rxd6 Rc8 30. Qc4+ Kg7 31. Qe6 Kh6 32. Qxf6 Rg8
33. Rxc6 Qa5 34. Qg5+ Kh7 35. Qe3 Rg7 36. c4 Qd8 37. c5 Qb8 38. b4 Rd7 39. Rd6
Rxd6 40. cxd6 Qxd6 41. Qxa7+ Kh6 42. Qe3+ Kg7 43. g3 Kf6 44. b5 Ke6 45. Kh2 Kd7
46. Qc3 Kd8 47. Qe3 Kc8 48. a4 Qb4 49. Qa7 Qd2 50. Qc5+ Kb7 51. b6 Ka6 52. Kg2
Qd1 53. Qb5+ Kb7 54. a5 Qf3+ 55. Kg1 Qa3 56. Qd7+ Ka6 57. Qa7+ Kb5 58. b7 1-0

[Event "Superettan(Eksjo-Rockaden,Umea)"]
[Site "?"]
[Date "2008.03.08"]
[Round "8"]
[White "Lindgren, Fredrik"]
[Black "Schussler, Harry"]
[Result "1/2-1/2"]
[WhiteElo "2282"]
[BlackElo "2445"]
[PlyCount "38"]

1. e4 g6 2. d4 Bg7 3. Nf3 d6 4. Nc3 Nf6 5. Be2 O-O 6. O-O c6 7. a4 Nbd7 8. h3
e5 9. Be3 Qe7 10. d5 cxd5 11. exd5 Ne8 12. Re1 f5 13. Bf1 h6 14. Bc1 Nc7 15. a5
Nf6 16. Nxe5 dxe5 17. d6 Qf7 18. dxc7 Qxc7 19. Nb5 Qe7 1/2-1/2

[Event "Superettan(Eksjo-Rockaden,Umea)"]
[Site "?"]
[Date "2008.03.08"]
[Round "8"]
[White "Vernersson, Per"]
[Black "Engman, Rickard"]
[Result "1-0"]
[WhiteElo "2468"]
[BlackElo "2253"]
[PlyCount "81"]

1. d4 Nf6 2. c4 e6 3. g3 c5 4. Nf3 cxd4 5. Nxd4 Bb4+ 6. Bd2 Qb6 7. Bxb4 Qxb4+
8. Qd2 Nc6 9. Nxc6 Qxd2+ 10. Nxd2 dxc6 11. e4 c5 12. e5 Ng4 13. f4 Bd7 14. Bg2
Ne3 15. Be4 O-O-O 16. Ke2 Nf5 17. Nf3 Ba4 18. b3 Nd4+ 19. Ke3 Bc6 20. Bxc6 bxc6
21. Rad1 Nxf3 22. Kxf3 Kc7 23. Ke2 a5 24. Rxd8 Rxd8 25. Rf1 Rd4 26. Ke3 Kd7 27.
Rc1 Kc7 28. h3 Rd8 29. g4 g6 30. Rf1 Rg8 31. Rd1 h5 32. gxh5 gxh5 33. Kf2 Rg6
34. Rg1 Kd7 35. Rg5 Rh6 36. Rg8 Rg6 37. Rxg6 fxg6 38. Kg3 Ke7 39. Kh4 Kf7 40.
Kg5 Kg7 41. h4 1-0

[Event "Superettan(Eksjo-Rockaden,Umea)"]
[Site "?"]
[Date "2008.03.08"]
[Round "8"]
[White "Forsberg, Viktor"]
[Black "Ornstein, Axel"]
[Result "1/2-1/2"]
[WhiteElo "2307"]
[BlackElo "2445"]
[PlyCount "71"]

1. e4 c5 2. Nf3 d6 3. d4 Nf6 4. Nc3 cxd4 5. Nxd4 Nc6 6. Bc4 Qb6 7. Nb3 e6 8.
Bf4 Ne5 9. Be2 a6 10. Qd2 Be7 11. O-O-O Qc7 12. f3 b5 13. Bxb5+ axb5 14. Nxb5
Qb6 15. Nxd6+ Bxd6 16. Qxd6 Qxd6 17. Rxd6 Ng6 18. Rhd1 Nd7 19. Bd2 Rxa2 20. Ba5
Ra4 21. Rc6 Ke7 22. Rc7 e5 23. c3 Nf4 24. Ra7 Rc4 25. Bb4+ Kf6 26. Na5 Rxb4 27.
cxb4 Ne2+ 28. Kb1 Nd4 29. Nc6 Nb6 30. Nxd4 exd4 31. Rxd4 Be6 32. f4 Rb8 33. Ra6
Ke7 34. Ra7+ Kf6 35. Ra6 Ke7 36. Ra7+ 1/2-1/2

[Event "Superettan(Eksjo-Rockaden,Umea)"]
[Site "?"]
[Date "2008.03.08"]
[Round "8"]
[White "de Verdier, Michael"]
[Black "Larsson, Johan"]
[Result "1/2-1/2"]
[WhiteElo "2253"]
[BlackElo "2176"]
[PlyCount "84"]

1. d4 e6 2. Nf3 f5 3. g3 Nf6 4. Bg2 Be7 5. O-O O-O 6. c4 d6 7. Nc3 Qe8 8. Qb3
Qh5 9. c5 d5 10. Bf4 c6 11. Qc2 Nbd7 12. b4 Ne4 13. Ne5 g5 14. Bf3 Qh6 15. Nxd7
Bxd7 16. Be5 Bf6 17. Nxe4 fxe4 18. Bg4 Bxe5 19. dxe5 Qg7 20. Qc3 Qg6 21. f3
exf3 22. exf3 Rf7 23. Rf2 Raf8 24. Raf1 h5 25. Bh3 g4 26. Bg2 gxf3 27. Rxf3 Qg4
28. Qd3 Be8 29. a3 Kg7 30. Qe3 Rf5 31. Qd3 Bg6 32. Rxf5 Rxf5 33. Rxf5 Bxf5 34.
Qd2 Kg6 35. Kf2 Qc4 36. h4 Qc2 37. Qxc2 Bxc2 38. Bh3 Bf5 39. Bf1 Be4 40. Bh3
Bf5 41. Bf1 Bc2 42. Bh3 Bf5 1/2-1/2

[Event "Superettan(Eksjo-Rockaden,Umea)"]
[Site "?"]
[Date "2008.03.08"]
[Round "8"]
[White "Nygren, David"]
[Black "Thornert, Hakan"]
[Result "1-0"]
[WhiteElo "2253"]
[BlackElo "2240"]
[PlyCount "43"]

1. e4 c5 2. c3 Nf6 3. e5 Nd5 4. d4 cxd4 5. Nf3 Nc6 6. Bc4 Nb6 7. Bb3 d5 8. exd6
Qxd6 9. O-O Be6 10. Bxe6 Qxe6 11. Nxd4 Nxd4 12. Qxd4 Rd8 13. Qh4 Qe2 14. Be3
Qxb2 15. Nd2 Nd5 16. Rab1 Qc2 17. Rfc1 g5 18. Qc4 Qf5 19. Rxb7 Bg7 20. Qb5+ Kf8
21. Rb8 Rc8 22. Qxd5 1-0

[Event "Superettan(Eksjo-Rockaden,Umea)"]
[Site "?"]
[Date "2008.03.08"]
[Round "8"]
[White "Andersson, Johan"]
[Black "Mardell, Jimmy"]
[Result "1/2-1/2"]
[WhiteElo "2137"]
[BlackElo "2141"]
[PlyCount "50"]

1. e4 e6 2. Nf3 d5 3. Nc3 Nf6 4. e5 Nfd7 5. d4 c5 6. dxc5 Nc6 7. Bf4 Bxc5 8.
Bd3 f6 9. exf6 Nxf6 10. Qe2 O-O 11. O-O-O Bd7 12. Ne5 Nxe5 13. Bxe5 Qb6 14. f4
Rad8 15. g4 Be3+ 16. Kb1 d4 17. Bxf6 Rxf6 18. Ne4 Rxf4 19. Rhf1 Rdf8 20. h3 Be8
21. Nd2 Bxd2 22. Qxd2 Rxf1 23. Bxf1 Bg6 24. Bc4 Rd8 25. Qe2 Kh8 1/2-1/2

[Event "Superettan(Eksjo-Rockaden,Umea)"]
[Site "?"]
[Date "2008.03.08"]
[Round "8"]
[White "Hellstrom, Magnus"]
[Black "Krantz, Christopher"]
[Result "0-1"]
[WhiteElo "2091"]
[BlackElo "2156"]
[PlyCount "70"]
[EventDate "2008.??.??"]

1. e4 e6 2. d4 d5 3. e5 c5 4. c3 Qb6 5. Nf3 Bd7 6. Nbd2 cxd4 7. cxd4 Nc6 8. Nb1
Nge7 9. Nc3 Nf5 10. Na4 Bb4+ 11. Bd2 Qa5 12. Bc3 Ncxd4 13. Nxd4 Bxa4 14. Qd2
Bxc3 15. bxc3 Nxd4 16. cxd4 Qxd2+ 17. Kxd2 Rc8 18. Bd3 Ke7 19. f4 Rc7 20. Rab1
Rhc8 21. Rb2 g6 22. g4 f5 23. gxf5 gxf5 24. Rg1 Kf8 25. Rg3 b6 26. Rb4 Bc2 27.
Ba6 Re8 28. Rc3 Rxc3 29. Kxc3 Be4 30. Ra4 Re7 31. Bb5 Rc7+ 32. Kd2 Rc2+ 33. Ke3
a5 34. h3 Rc3+ 35. Ke2 Bc2 0-1

[Event "Superettan(Eksjo-Rockaden,Umea)"]
[Site "?"]
[Date "2008.03.08"]
[Round "8"]
[White "Al-Saadi, Ali Ghazi"]
[Black "Hammar, Ulf"]
[Result "0-1"]
[WhiteElo "2128"]
[BlackElo "2098"]
[PlyCount "72"]

1. e4 e6 2. d4 d5 3. Nd2 c5 4. Ngf3 Nc6 5. Bb5 cxd4 6. Nxd4 Bd7 7. N4b3 a6 8.
Be2 Nf6 9. exd5 exd5 10. O-O Bd6 11. c4 Be6 12. cxd5 Bxd5 13. Bc4 O-O 14. Bxd5
Nxd5 15. Nf3 Be7 16. Nbd4 Nxd4 17. Qxd4 Bf6 18. Qg4 Qc8 19. Qh5 Nb4 20. Bg5 Qf5
21. Qh4 Bxg5 22. Nxg5 Nd3 23. b3 Rfe8 24. Nf3 Re4 25. Qg5 Qxg5 26. Nxg5 Re2 27.
Rad1 Nc5 28. Rd5 b6 29. Rfd1 Rae8 30. Kf1 h6 31. Nf3 Rxa2 32. Rd8 Rxd8 33.
Rxd8+ Kh7 34. Rd4 Nxb3 35. Rb4 Rb2 36. Ke1 Rb1+ 0-1

[Event "Superettan(Lundby-Rockaden II,Sthlm)"]
[Site "?"]
[Date "2008.03.08"]
[Round "8"]
[White "Livner, Anders"]
[Black "Sigurgeirsson, Brjann"]
[Result "1-0"]
[WhiteElo "2412"]
[BlackElo "2185"]
[PlyCount "95"]
[EventDate "2008.??.??"]

1. d4 Nf6 2. c4 c5 3. d5 e6 4. Nc3 exd5 5. cxd5 d6 6. e4 g6 7. Nf3 Bg7 8. h3
O-O 9. Bd3 Re8 10. O-O c4 11. Bc2 b5 12. a3 a6 13. Bf4 Nh5 14. Bg5 Qb6 15. Be3
Qc7 16. Bd4 Nd7 17. Bxg7 Kxg7 18. Qd2 Qd8 19. Nd4 Qh4 20. f4 Nc5 21. Rae1 Kg8
22. e5 Bd7 23. e6 fxe6 24. dxe6 Bxe6 25. Nxe6 Nxe6 26. Be4 Ra7 27. Bc6 Rf8 28.
Rxe6 Raf7 29. Ne2 Nxf4 30. Nxf4 Rxf4 31. Rxf4 Qxf4 32. Qxf4 Rxf4 33. Rxd6 c3
34. bxc3 Ra4 35. c4 Rxa3 36. cxb5 axb5 37. Bxb5 Rc3 38. Rc6 Re3 39. Rc7 h5 40.
Bc4+ Kh8 41. Kf2 Re5 42. Bd3 Re6 43. Kf3 Rd6 44. Be4 Rf6+ 45. Ke3 Kg8 46. Rc6
Kg7 47. Rxf6 Kxf6 48. Kd4 1-0

[Event "Superettan(Lundby-Rockaden II,Sthlm)"]
[Site "?"]
[Date "2008.03.08"]
[Round "8"]
[White "Virolainen, Victor"]
[Black "Blomqvist, Erik"]
[Result "0-1"]
[WhiteElo "2227"]
[BlackElo "2379"]
[PlyCount "72"]
[EventDate "2008.??.??"]

1. e4 c5 2. Nc3 Nc6 3. f4 g6 4. Nf3 Bg7 5. Bb5 Nd4 6. O-O Nxb5 7. Nxb5 d5 8.
exd5 a6 9. Nc3 Nf6 10. d4 cxd4 11. Qxd4 O-O 12. Ne5 b5 13. Nc6 Qd7 14. Rd1 Bb7
15. Qb6 Rac8 16. Nb4 Rc4 17. a3 Qc8 18. Be3 Qa8 19. Rd3 Rd8 20. Rad1 Rd6 21.
Qa5 Ng4 22. Re1 Nxe3 23. Rexe3 Bd4 24. Rxd4 Rxd4 25. Nd3 Bxd5 26. Nxd5 Qxd5 27.
Rxe7 Rc4 28. Re2 Qd4+ 29. Kf1 h5 30. Qe1 Qf6 31. g3 Qf5 32. Qf2 h4 33. Re5 Qh3+
34. Kg1 Qc8 35. Re2 h3 36. Qf3 Rxc2 0-1

[Event "Superettan(Lundby-Rockaden II,Sthlm)"]
[Site "?"]
[Date "2008.03.08"]
[Round "8"]
[White "Lissang, Christopher"]
[Black "Lehtonen, Ture"]
[Result "1-0"]
[WhiteElo "2289"]
[BlackElo "2154"]
[PlyCount "79"]
[EventDate "2008.??.??"]

1. e4 g6 2. d4 Bg7 3. Nc3 d6 4. Nf3 a6 5. a4 b6 6. Bc4 Bb7 7. O-O e6 8. Re1 Ne7
9. Bf4 h6 10. h4 Nd7 11. Qd2 Kf8 12. b4 Kg8 13. b5 Kh7 14. bxa6 Bxa6 15. Bxa6
Rxa6 16. Nb5 Qb8 17. c4 Nc6 18. e5 dxe5 19. Nxe5 Ndxe5 20. Bxe5 Nxe5 21. dxe5
Rd8 22. Qf4 Rd7 23. h5 g5 24. Qe4+ Kg8 25. Qc6 Qd8 26. Nc3 Rd3 27. Rad1 Qd4 28.
Rxd3 Qxd3 29. Qe8+ Bf8 30. Re3 Qd2 31. g3 g4 32. Re4 Qc1+ 33. Kg2 Qg5 34. Rf4
Qe7 35. Rxg4+ Kh8 36. Qc8 Ra5 37. Ne4 Rxe5 38. Nf6 Rg5 39. Rxg5 hxg5 40. Nd7
1-0

[Event "Superettan(Lundby-Rockaden II,Sthlm)"]
[Site "?"]
[Date "2008.03.08"]
[Round "8"]
[White "Nuoristo, Peter"]
[Black "Johansson, Robin"]
[Result "0-1"]
[WhiteElo "2216"]
[BlackElo "2281"]
[PlyCount "66"]
[EventDate "2008.??.??"]

1. d4 Nc6 2. Nf3 d5 3. Bf4 Bg4 4. e3 e6 5. Bb5 Bd6 6. Bg3 Nge7 7. Nc3 O-O 8.
O-O f5 9. Be2 Bxf3 10. Bxf3 a6 11. Qd2 g5 12. Bxd6 cxd6 13. g3 Ng6 14. Bg2 Qf6
15. Rad1 Rac8 16. f4 Nb8 17. Rc1 Nd7 18. Ne2 h6 19. b3 b5 20. Qb4 Rc6 21. c4
bxc4 22. bxc4 Rb6 23. Qa3 dxc4 24. Rxc4 Rfb8 25. Rc7 Qd8 26. Ra7 Nf6 27. d5
gxf4 28. dxe6 Ng4 29. Nxf4 Nxf4 30. exf4 Rb2 31. Rxa6 Qc7 32. Bd5 Qc2 33. e7+
Kh8 0-1

[Event "Superettan(Lundby-Rockaden II,Sthlm)"]
[Site "?"]
[Date "2008.03.08"]
[Round "8"]
[White "Olofsson, Dan"]
[Black "Przysuski, Feliks"]
[Result "1-0"]
[WhiteElo "2235"]
[BlackElo "2037"]
[PlyCount "107"]
[EventDate "2008.??.??"]

1. e4 c5 2. Nf3 e6 3. Nc3 a6 4. d4 cxd4 5. Nxd4 Nc6 6. g3 Qc7 7. Bg2 Nf6 8. O-O
Nxd4 9. Qxd4 Bc5 10. Qd3 O-O 11. Bf4 d6 12. Rad1 Ne8 13. Qe2 Bb4 14. Rd3 Qc4
15. b3 Qc7 16. Nd1 Bd7 17. Bc1 Rc8 18. c3 Bb5 19. c4 Bc6 20. Bb2 b5 21. Ne3 Qb7
22. Qg4 f5 23. exf5 Bxg2 24. Nxg2 exf5 25. Qd1 Qf7 26. cxb5 axb5 27. Nf4 h6 28.
Nd5 Ba5 29. b4 Bd8 30. a4 bxa4 31. Qxa4 Bf6 32. Qa6 Nc7 33. Nxf6+ gxf6 34. Qxd6
Ne6 35. Qd7 Rc7 36. Qxf7+ Kxf7 37. Rfd1 Rc2 38. R1d2 Rc4 39. Rd7+ Kg6 40. Rb7
Ng5 41. Kg2 f4 42. gxf4 Rxf4 43. Rd4 Rf5 44. b5 Ne6 45. Rg4+ Kh5 46. Kg3 Rd8
47. Bc1 Rd3+ 48. Be3 Ng5 49. Rf4 Re5 50. h4 Ne4+ 51. Kg2 f5 52. b6 Rb5 53. Re7
Rdb3 54. Re6 1-0

[Event "Superettan(Lundby-Rockaden II,Sthlm)"]
[Site "?"]
[Date "2008.03.08"]
[Round "8"]
[White "Zackrisson, Mattias"]
[Black "Sandbom, Jonas"]
[Result "1/2-1/2"]
[WhiteElo "2103"]
[BlackElo "2199"]
[PlyCount "104"]
[EventDate "2008.??.??"]

1. e4 c5 2. Nf3 e6 3. d3 Nc6 4. g3 g6 5. Bg2 Bg7 6. O-O Nge7 7. Re1 O-O 8. e5
d6 9. exd6 Qxd6 10. Nbd2 Qc7 11. a4 b6 12. Nc4 Nd5 13. Qe2 Bb7 14. c3 h6 15. h4
Rfe8 16. Nfe5 Nxe5 17. Nxe5 Nf6 18. Bf4 Bxg2 19. Kxg2 Nd5 20. Qg4 Nxf4+ 21.
Qxf4 Rad8 22. d4 Rd5 23. Kg1 Bxe5 24. Rxe5 Rxe5 25. dxe5 Rd8 26. Re1 h5 27. g4
hxg4 28. Qxg4 Qd7 29. Kg2 Qd5+ 30. Kg3 Qd2 31. Qe2 Qxe2 32. Rxe2 Kf8 33. b3 Rd1
34. Re3 Ke7 35. c4 Rd4 36. f4 Rd1 37. Kg4 Rd4 38. Kg5 Rd1 39. Kg4 Rd2 40. Kg3
Kd7 41. Kg4 Ke7 42. Kg3 Kf8 43. Kg4 Rd1 44. Rg3 Rd4 45. Kg5 Ke7 46. Re3 Rd1 47.
Kg4 f6 48. Kf3 Rh1 49. exf6+ Kxf6 50. Kg4 Rd1 51. Kg3 Rd4 52. Kf3 Rd1 1/2-1/2

[Event "Superettan(Lundby-Rockaden II,Sthlm)"]
[Site "?"]
[Date "2008.03.08"]
[Round "8"]
[White "Kyhle, Bo"]
[Black "Ingvason, Sigurgeir"]
[Result "1/2-1/2"]
[WhiteElo "2184"]
[BlackElo "2029"]
[PlyCount "57"]
[EventDate "2008.??.??"]

1. d4 Nf6 2. c4 c5 3. e3 g6 4. Nc3 Bg7 5. dxc5 O-O 6. Nf3 Na6 7. Be2 Nxc5 8.
O-O d6 9. Nd4 h5 10. b4 Ne6 11. Bb2 Nxd4 12. Qxd4 Bg4 13. f3 e5 14. Qd2 Be6 15.
Rfd1 Rc8 16. Qxd6 Qxd6 17. Rxd6 Bxc4 18. Rad1 e4 19. Bxc4 Rxc4 20. R1d4 Ne8 21.
Rxc4 Nxd6 22. Rc7 exf3 23. gxf3 Rc8 24. Rxc8+ Nxc8 25. Nd1 Nd6 26. Kf2 a6 27.
Ke2 g5 28. Kd3 f5 29. e4 1/2-1/2

[Event "Superettan(Lundby-Rockaden II,Sthlm)"]
[Site "?"]
[Date "2008.03.08"]
[Round "8"]
[White "Nystrom, Jesper"]
[Black "Backman, Michael"]
[Result "1-0"]
[WhiteElo "1867"]
[BlackElo "2154"]
[PlyCount "81"]
[EventDate "2008.??.??"]

1. e4 c5 2. Nc3 d6 3. d3 Nc6 4. g3 g6 5. Bg2 Bg7 6. Nf3 e5 7. O-O Nge7 8. a4
O-O 9. Be3 Nd4 10. Qd2 Bh3 11. Ng5 Bxg2 12. Kxg2 f6 13. Nh3 d5 14. f3 Rc8 15.
Ne2 Qd7 16. Nf2 f5 17. Ng1 Ne6 18. Bh6 Nf4+ 19. Bxf4 exf4 20. gxf4 Bxb2 21. Ra2
Bg7 22. Ne2 dxe4 23. fxe4 fxe4 24. Nxe4 Nd5 25. c4 Nb4 26. Ra3 Qg4+ 27. N4g3
Rce8 28. Rf3 Re7 29. h3 Qd7 30. Nc3 Rfe8 31. f5 Rf7 32. Nce4 b6 33. f6 Bf8 34.
Ng5 Bd6 35. N3e4 Be5 36. Nxf7 Kxf7 37. Qh6 Rf8 38. Qg7+ Ke8 39. f7+ Kd8 40.
Qxf8+ Kc7 41. Qe8 1-0

[Event "Superettan(Vastervik-Farsta)"]
[Site "?"]
[Date "2008.03.08"]
[Round "8"]
[White "Hjelm, Niclas"]
[Black "Elenius, Erik"]
[Result "1/2-1/2"]
[WhiteElo "2367"]
[BlackElo "2184"]
[PlyCount "32"]

1. e4 c5 2. Nf3 d6 3. d4 cxd4 4. Nxd4 Nf6 5. Nc3 a6 6. Be3 e5 7. Nf3 Be7 8. Bc4
O-O 9. O-O Be6 10. Bb3 Nc6 11. Qe2 Rc8 12. Rad1 Qc7 13. Bg5 Ne8 14. Bxe7 Qxe7
15. Nd5 Bxd5 16. Rxd5 Kh8 1/2-1/2

[Event "Superettan(Vastervik-Farsta)"]
[Site "?"]
[Date "2008.03.08"]
[Round "8"]
[White "Sternlund, Hakan"]
[Black "Jaderberg, Bjorn"]
[Result "1/2-1/2"]
[WhiteElo "2223"]
[BlackElo "2242"]
[PlyCount "92"]

1. c4 b6 2. Nc3 e6 3. e4 Bb7 4. g3 Bb4 5. Nge2 f5 6. Bg2 Nf6 7. f3 fxe4 8. fxe4
O-O 9. O-O e5 10. a3 Bc5+ 11. d4 exd4 12. Nxd4 Nc6 13. Be3 Ne5 14. b4 Nfg4 15.
Bf4 Rxf4 16. Rxf4 Ne3 17. Qd2 N3xc4 18. Qd1 Be7 19. Nf3 Bf6 20. Qb3 Kh8 21.
Nxe5 Nxe5 22. Raf1 c6 23. h3 Qe7 24. Kh2 Ba6 25. b5 Bxb5 26. Nxb5 cxb5 27. Rc1
Nc6 28. Rd1 Ne5 29. Rf2 Rc8 30. Rd5 a6 31. Rfd2 Rc6 32. Rd1 Qe6 33. Qb4 Qe8 34.
Qe1 h5 35. Qf2 Qg6 36. Qf4 Qe8 37. Qf5 Rc5 38. Rxc5 bxc5 39. Rd6 c4 40. Rxa6 c3
41. Qf2 Qc8 42. Rxf6 gxf6 43. Qxf6+ Kg8 44. Qxe5 c2 45. Qg5+ Kf8 46. Qf6+ Kg8
1/2-1/2

[Event "Superettan(Vastervik-Farsta)"]
[Site "?"]
[Date "2008.03.08"]
[Round "8"]
[White "Backelin, Rikard"]
[Black "Ask, Josef"]
[Result "1/2-1/2"]
[WhiteElo "2404"]
[BlackElo "2283"]
[PlyCount "43"]

1. Nf3 d5 2. d4 Nf6 3. c4 c6 4. Qb3 dxc4 5. Qxc4 Bf5 6. Nc3 e6 7. g3 Nbd7 8.
Bg2 Bd6 9. O-O h6 10. Re1 Bh7 11. e4 e5 12. h3 O-O 13. dxe5 Nxe5 14. Nxe5 Bxe5
15. Be3 Re8 16. Rad1 Qc7 17. Bd4 g5 18. Bxe5 Qxe5 19. Qd4 Qxd4 20. Rxd4 Rad8
21. Rxd8 Rxd8 22. f3 1/2-1/2

[Event "Superettan(Vastervik-Farsta)"]
[Site "?"]
[Date "2008.03.08"]
[Round "8"]
[White "Hedin, Gunnar"]
[Black "Nilsson, Victor"]
[Result "0-1"]
[WhiteElo "2200"]
[BlackElo "2171"]
[PlyCount "46"]

1. d4 Nf6 2. c4 g6 3. Nf3 Bg7 4. g3 O-O 5. Bg2 d5 6. cxd5 Nxd5 7. O-O c5 8.
dxc5 Nc6 9. Ng5 e6 10. Ne4 Qa5 11. Bd2 Qb5 12. Nbc3 Qxb2 13. Rb1 Qa3 14. Rb3
Qa6 15. Nd6 Nd4 16. Nxd5 exd5 17. Rd3 Bg4 18. f3 Bd7 19. Bc3 Ba4 20. Qd2 Nxe2+
21. Qxe2 Bxc3 22. f4 Bd4+ 23. Kh1 Bxc5 0-1

[Event "Superettan(Vastervik-Farsta)"]
[Site "?"]
[Date "2008.03.08"]
[Round "8"]
[White "Nilsson, Ove"]
[Black "Harren, Mats"]
[Result "1/2-1/2"]
[WhiteElo "2197"]
[BlackElo "2087"]
[PlyCount "86"]

1. c4 g6 2. Nf3 Bg7 3. g3 d6 4. Bg2 Nf6 5. Nc3 O-O 6. O-O c5 7. d4 Nc6 8. d5
Na5 9. Nd2 a6 10. Rb1 Rb8 11. e4 b5 12. b3 Ng4 13. Qc2 e5 14. cxb5 axb5 15. b4
cxb4 16. Rxb4 Bd7 17. Ba3 Bh6 18. Nb3 Nc4 19. Bc1 f5 20. h3 Bxc1 21. Rxc1 Nf6
22. Bf1 fxe4 23. Nxb5 Na3 24. Nxa3 Rxb4 25. Nc4 Qe7 26. Qd2 Rbb8 27. Nca5 Kh8
28. Nc6 Bxc6 29. dxc6 d5 30. Ba6 Qa7 31. c7 Qxa6 32. cxb8=Q Rxb8 33. Nc5 Qd6
34. g4 Rc8 35. Nb7 Rxc1+ 36. Qxc1 Qd7 37. Qb2 d4 38. Qb4 Kg7 39. Nc5 Qe7 40.
Qc4 h6 41. a4 d3 42. Nb3 Qa7 43. a5 e3 1/2-1/2

[Event "Superettan(Vastervik-Farsta)"]
[Site "?"]
[Date "2008.03.08"]
[Round "8"]
[White "Broddefalk, Arvid"]
[Black "Iversen, Kent"]
[Result "1-0"]
[WhiteElo "1985"]
[BlackElo "2031"]
[PlyCount "149"]

1. c4 e6 2. g3 d5 3. Bg2 Nf6 4. Nf3 Be7 5. O-O O-O 6. b3 c5 7. e3 Nc6 8. Bb2 d4
9. d3 e5 10. e4 Bg4 11. h3 Bh5 12. Re1 Qd7 13. Nbd2 Ne8 14. g4 Bg6 15. Nf1 Nc7
16. Ng3 Ne6 17. Bc1 Rfe8 18. Nf5 Bd6 19. h4 h5 20. Ng5 Nxg5 21. hxg5 h4 22.
Nxh4 Be7 23. Nf5 Qd8 24. Nxe7+ Qxe7 25. Bd2 Nd8 26. a3 Ne6 27. Qc1 Rab8 28. b4
b6 29. Rf1 Qd6 30. Bf3 Nf4 31. Bxf4 exf4 32. Kg2 Qe5 33. Rh1 Qxg5 34. Kf1 Qe5
35. Qd2 f6 36. Re1 Kf7 37. Bd1 Rh8 38. Kg2 Qg5 39. Qe2 Rxh1 40. Rxh1 Re8 41.
Qf3 Qe5 42. Ba4 Rb8 43. Bc6 Ke7 44. b5 Kd6 45. Bd5 Qg5 46. Kf1 Kc7 47. Qd1 f3
48. Qxf3 Qe5 49. Kg2 Kd6 50. Qg3 Qxg3+ 51. Kxg3 Ke7 52. a4 Rd8 53. a5 Rb8 54.
axb6 axb6 55. Ra1 Kf8 56. f4 Bf7 57. Bxf7 Kxf7 58. f5 Rb7 59. Kf4 g5+ 60. fxg6+
Kxg6 61. Ra8 Kg7 62. Kf5 Kf7 63. Rh8 Kg7 64. Re8 Ra7 65. Rb8 Ra3 66. Rb7+ Kh6
67. Rxb6 Rxd3 68. Rxf6+ Kg7 69. Rc6 Rf3+ 70. Ke5 Rf7 71. Rd6 Re7+ 72. Kd5 Rc7
73. b6 Rc8 74. b7 Rb8 75. Kc6 1-0

[Event "Superettan(Farsta-Eksjo)"]
[Site "?"]
[Date "2008.03.09"]
[Round "9"]
[White "Vernersson, Per"]
[Black "Hjelm, Niclas"]
[Result "1/2-1/2"]
[WhiteElo "2468"]
[BlackElo "2367"]
[PlyCount "28"]

1. Nf3 Nf6 2. c4 e6 3. Nc3 d5 4. d4 dxc4 5. e3 a6 6. a4 c5 7. Bxc4 Nc6 8. O-O
Be7 9. Qe2 cxd4 10. Rd1 e5 11. exd4 exd4 12. Nxd4 Nxd4 13. Qe3 O-O 14. Rxd4 Qc7
1/2-1/2

[Event "Superettan(Farsta-Eksjo)"]
[Site "?"]
[Date "2008.03.09"]
[Round "9"]
[White "Ornstein, Axel"]
[Black "Jaderberg, Bjorn"]
[Result "0-1"]
[WhiteElo "2445"]
[BlackElo "2242"]
[PlyCount "144"]

1. e4 d5 2. exd5 Qxd5 3. Nc3 Qa5 4. d4 Nf6 5. Bc4 Bg4 6. f3 Bd7 7. Nge2 e6 8.
O-O b5 9. Bd3 Be7 10. Ne4 Qb6 11. Kh1 Na6 12. c3 c5 13. a4 c4 14. Nxf6+ gxf6
15. Be4 Rd8 16. axb5 Bxb5 17. Qe1 f5 18. Bc2 h5 19. Ba4 Nc7 20. Bxb5+ Nxb5 21.
Bf4 h4 22. h3 Nc7 23. Be5 Rg8 24. Ra2 Nd5 25. Nf4 Nxf4 26. Bxf4 Rd7 27. Qe2 Bd6
28. Bxd6 Qxd6 29. Rfa1 Qc6 30. Ra5 Kf8 31. Rc5 Qd6 32. Rc8+ Kg7 33. Rxg8+ Kxg8
34. Qxc4 Rc7 35. Qe2 Kg7 36. Qe3 Kg6 37. f4 Qd5 38. Qf2 Kh5 39. Re1 Rb7 40. c4
Qc6 41. d5 Qxc4 42. dxe6 Re7 43. Re5 Qc1+ 44. Kh2 fxe6 45. Rc5 Qd1 46. Rc8 Qd7
47. Rh8+ Rh7 48. Rxh7+ Qxh7 49. Qe2+ Kh6 50. Qxe6+ Qg6 51. Qe5 Qg3+ 52. Kg1 Kg6
53. Qe6+ Kg7 54. Qe7+ Kg6 55. Qd6+ Kf7 56. Qc7+ Kg6 57. Qc6+ Kf7 58. Qb7+ Ke6
59. Qa6+ Kd5 60. Qb5+ Kd6 61. Qe5+ Kc6 62. b4 Kb7 63. Qb5+ Kc7 64. Qc5+ Kb7 65.
Qf2 Qc3 66. Qxh4 Qxb4 67. Qh7+ Kb6 68. Qg6+ Kc7 69. Qxf5 a5 70. Qe5+ Kc6 71. f5
Qc5+ 72. Qxc5+ Kxc5 0-1